Statistics for Ultimate Star Wars Surnames Vol.2

Click here to take the quiz!

General Stats

  • This quiz has been taken 6 times
  • The average score is 9 of 15

Answer Stats

First nameSurname% Correct
Nien Numb
100%
SheevPalpatine
100%
TobiasBeckett
75%
TobiasBeckett
75%
SavageOpress
75%
RoseTico
75%
PaigeTico
75%
IdenVersio
75%
AmilynHoldo
50%
Enfys Nes
50%
ColemanTrebor
50%
DrydenVos
50%
Jan Dodanna
0%
Gideon Hask
0%
DelMeeko
0%

Score Distribution

Percentile by Number Answered

Percent of People with Each Score

Your Score History

You have not taken this quiz